ADM Acronyms - Statistics

General Stats
  • This quiz has been taken 12 times
  • The average score is 10 of 15
Answer Stats
Hint Answer % Correct
A Aircraft
100%
V enVironment
100%
E External Pressures
100%
F Fatigue
100%
I Illness
100%
M Medication
100%
A Alcohol
67%
E Emotion/Eating
67%
S Stress
67%
P Passengers
33%
P Pilots
33%
P Pilots
33%
P Plan
33%
P Plane
33%
P Programming
33%
No matching quizzes found
Score Distribution
Percent of People with Each Score
Percentile by Number Answered
Your Score History
You have not taken this quiz